00517nam a2200169Ia 450000500170000000800410001702000150005808200130007310000140008624500410010026000350014130000130017650000420018994200060023195200950023799900150033220250317013052.0240331s9999 xx 000 0 und d a9552006201 bBASa800 aBastian,H 0aRavindranath Tagoorge Ranwan bottuwa aColombobS Godake & Sonsc1992 a135 p ., ashort Stories By Ravindranaath Dahoor cL 001040708LaWERCLbWERCLcSSCd2024-03-31l0o 800 BASp1371r2024-03-31w2024-03-31yL c5160d5160